[Event "Charlotte Fall-GM 2019"]
[Site "Charlotte"]
[Date "2019.11.28"]
[Round "1.1"]
[White "Jacobson, Brandon"]
[Black "Paragua, Mark"]
[Result "1-0"]
[WhiteElo "2452"]
[BlackElo "2496"]
[Annotator "TA"]
[PlyCount "47"]
[EventDate "2019.11.28"]
[EventType "tourn"]
[EventCountry "USA"]
[SourceTitle "playchess.com"]
[Source "ChessBase"]
[SourceQuality "1"]

{[%evp 12,49,14,10,24,30,28,16,33,14,20,0,0,-5,-6,0,0,0,0,-3,13,0,4,6,3,12,8,6,40,41,40,40,41,43,45,41,864,-737,-730,-847]} 1. c4 e6 2. Nf3 Nf6 3. g3 b6 4. Bg2 Bb7 5. d4 Be7 6. O-O O-O 7. Re1 c6 {E17: Queen's Indian: 4 g3 Bb7 5 Bg2 Be7} 8. e4 d5 $1 9. e5 Ne4 {The position is equal.} 10. cxd5 cxd5 11. Nfd2 $146 ({Predecessor:} 11. Nbd2 Nxd2 12. Bxd2 Ba6 13. Re3 Qd7 14. Rc1 Nc6 15. Bf1 Bxf1 16. Qxf1 {½-½ (40) Le,Q (2706)-Andreikin,D (2759) Hengshui 2019}) 11... Nxd2 12. Nxd2 Nc6 13. Nf3 Ba6 14. Qa4 Qc8 15. Bg5 Qb7 16. Rac1 Bxg5 17. Nxg5 Rac8 18. Qc2 $36 {[%csl Gg5][%cal Rc2h7][%mdl 2048] [#] White has the initiative.} g6 19. Qd2 Qe7 20. Nf3 Kg7 21. h4 h6 22. Rc3 Nb8 23. Rec1 Rc5 $2 {[%mdl 8192] [#]} (23... Rxc3 $14 24. Rxc3 Rc8) 24. dxc5 {Played: Rc3-c4} 1-0

[Event "Charlotte Fall-GM 2019"]
[Site "Charlotte"]
[Date "2019.11.28"]
[Round "1.2"]
[White "Grinberg, Eyal"]
[Black "Berczes, David"]
[Result "1-0"]
[WhiteElo "2472"]
[BlackElo "2452"]
[Annotator "TA"]
[PlyCount "87"]
[EventDate "2019.11.28"]
[EventType "tourn"]
[EventCountry "USA"]
[SourceTitle "playchess.com"]
[Source "ChessBase"]
[SourceQuality "1"]

{[%evp 9,87,11,12,0,0,0,3,0,0,0,0,0,2,0,2,0,9,0,0,0,8,0,0,0,14,12,16,0,23,26,17,20,25,28,39,18,19,24,38,32,33,31,44,25,28,0,87,99,106,106,108,109,108,103,105,102,95,65,135,135,144,154,154,153,261,250,365,356,349,331,311,300,362,353,350,343,334,315,349,339]} 1. e4 e5 2. Nf3 Nc6 3. Bb5 a6 4. Ba4 Nf6 5. Nc3 Bc5 6. Bxc6 {C77: Ruy Lopez: 3...a6 4 Ba4 Nf6, unusual lines} dxc6 7. d3 Qe7 (7... Qd6 8. h3 Be6 9. Be3 Nd7 10. Bxc5 Nxc5 11. Qd2 Nd7 12. d4 exd4 13. Nxd4 c5 14. Nxe6 fxe6 {1-0 (76) Carlsen,M (2835)-Anand,V (2773) Wijk aan Zee 2019}) 8. Qe2 {The position is equal.} Bg4 9. h3 Bxf3 $146 ({Predecessor:} 9... Bh5 10. Nd1 Nd7 11. Ne3 Bxe3 12. Qxe3 c5 13. O-O h6 14. Nd2 {½-½ (30) Barria Zuniga,D (2365)-Sorin,A (2460) Buenos Aires 1998}) 10. Qxf3 Nd7 11. Be3 Bxe3 12. Qxe3 Nc5 13. f4 exf4 14. Qxf4 Ne6 15. Qg3 O-O 16. O-O Nd4 17. Rf2 Rae8 18. Raf1 Qe5 19. Qxe5 Rxe5 20. Nd1 f6 21. Ne3 b6 22. a4 Rd8 23. Kh2 b5 24. Ra1 h5 25. axb5 axb5 26. Ra6 c5 27. Ra7 Ne6 (27... c4 $11 {keeps the balance.}) 28. Nd5 $16 {[#] And now Ne7+ would win.} Rexd5 29. exd5 Rxd5 {[%mdl 4096] Endgame KRR-KRN} 30. Re2 Kf7 31. Re3 b4 32. g3 g5 33. Ra6 Nd4 (33... Rd6 $14 34. Ra5 f5) 34. c3 bxc3 35. bxc3 Nf5 36. Rf3 Nd6 (36... Rd6 $16) 37. Rc6 $18 g4 (37... c4 $142) 38. Rxc7+ Kg6 39. hxg4 hxg4 40. Rf4 Rxd3 41. Rxg4+ Kf5 42. Rf4+ {White has a decisive advantage.} Ke6 43. Rxc5 Rd2+ 44. Kh3 {Accuracy: White = 70%, Black = 55%.} 1-0

[Event "Charlotte Fall-GM 2019"]
[Site "Charlotte"]
[Date "2019.11.28"]
[Round "1.3"]
[White "Wang, Kevin"]
[Black "Ringoir, Tanguy"]
[Result "0-1"]
[WhiteElo "2416"]
[BlackElo "2501"]
[Annotator "RC"]
[PlyCount "56"]
[EventDate "2019.11.28"]
[EventType "tourn"]
[EventCountry "USA"]
[SourceTitle "playchess.com"]
[Source "ChessBase"]
[SourceQuality "1"]
[TimeControl "5400+30"]

1. c4 {[%emt 1:30:30]} g6 {[%emt 1:30:30]} 2. Nc3 {[%emt 0:00:30]} c5 {[%emt 0:00:30]} 3. Nf3 {[%emt 0:00:30]} Bg7 {[%emt 0:00:30]} 4. e3 {[%emt 0:00:30]} Nf6 {[%emt 0:00:30]} 5. Be2 {[%emt 0:00:30]} O-O {[%emt 0:00:30]} 6. O-O {[%emt 0:00:30]} d5 {[%emt 0:00:30]} 7. d4 {[%emt 0:00:30]} cxd4 {[%emt 0:00:30]} 8. exd4 {[%emt 0:00:30]} Nc6 {[%emt 0:00:30]} 9. h3 {[%emt 0:00:30]} dxc4 {[%emt 0:00:30]} 10. Bxc4 {[%emt 0:00:30]} b6 {[%emt 0:00:30]} 11. a3 {[%emt 0:00:30]} Bb7 {[%emt 0:00:30]} 12. Re1 {[%emt 0:00:30]} Rc8 {[%emt 0:00:30]} 13. Ba2 {[%emt 0:00:30]} e6 {[%emt 0:00:30]} 14. Bg5 {[%emt 0:00:30]} h6 {[%emt 0:00:30]} 15. Bh4 {[%emt 0:00:30]} Ne7 {[%emt 0:00:30]} 16. Bg3 {[%emt 0:00:30]} Nf5 {[%emt 0:00:30]} 17. Be5 {[%emt 0:00:30]} Bxf3 {[%emt 0:00:30]} 18. Qxf3 {[%emt 0:00:30]} Nxd4 {[%emt 0:00:30]} 19. Qb7 {[%emt 0:00:30]} Nd7 {[%emt 0:00:30]} 20. Bxd4 {[%emt 0:00:30]} Bxd4 {[%emt 0:00:30]} 21. Qxa7 {[%emt 0:00:30]} Nc5 {[%emt 0:00:30]} 22. Nb5 {[%emt 0:00:30]} Bxf2+ {[%emt 0:00:30]} 23. Kxf2 {[%emt 0:00:30]} Nd3+ {[%emt 0:00:30]} 24. Kg1 {[%emt 0:00:30]} Nxe1 {[%emt 0:00:30]} 25. Rxe1 {[%emt 0:00:30]} Qd2 {[%emt 0:00:30]} 26. Rb1 {[%emt 0:00:30]} Rc1+ {[%emt 0:00:30]} 27. Rxc1 {[%emt 0:00:30]} Qxc1+ {[%emt 0:00:30]} 28. Kh2 {[%emt 0:00:30]} Qf4+ {[%emt 0:00:30]} 0-1

[Event "Charlotte Fall-GM 2019"]
[Site "Charlotte"]
[Date "2019.11.28"]
[Round "1.4"]
[White "Korley, Kassa"]
[Black "Nakar, Eylon"]
[Result "1-0"]
[WhiteElo "2447"]
[BlackElo "2433"]
[Annotator "TA"]
[PlyCount "164"]
[EventDate "2019.11.28"]
[EventType "tourn"]
[EventCountry "USA"]
[SourceTitle "playchess.com"]
[Source "ChessBase"]
[SourceQuality "1"]

{[%evp 15,164,22,18,2,20,13,24,21,44,45,69,74,52,46,46,56,54,50,51,62,56,54,56,58,58,57,66,31,45,41,43,44,105,114,161,157,163,159,181,176,180,104,104,106,109,84,173,165,145,144,150,144,125,142,292,285,293,277,296,292,281,275,255,224,299,287,295,270,312,310,319,319,736,718,748,564,675,536,559,380,1207,1570,3277,2003,1132,583,583,583,1143,583,2218,1812,2449,1460,29968,5509,29965,29966,29967,29968,29967,29968,29962,29962,29962,29964,29963,29965,29965,29966,29973,29974,29978,29979,29979,29980,29980,0,0,0,29981,0,0,0,0,0,0,0,0,0,29976,29975,29974,29976,29976,29977,29976,29978,29978,29979,29979,29980,29980,29981,29980,29981,29987,29988,29991,29992,29995]} 1. d4 Nf6 2. c4 e6 3. Nc3 Bb4 4. Qc2 d5 5. a3 Bxc3+ 6. Qxc3 O-O 7. Nf3 dxc4 8. Qxc4 b6 9. Bg5 {E36: Nimzo-Indian: Classical: 4...d5 5 a3} Bb7 10. Rd1 Qd5 $146 ({Predecessor:} 10... Nbd7 11. Ne5 h6 12. Bh4 c5 13. Nxd7 Qxd7 14. Bxf6 gxf6 15. dxc5 Qc7 16. h4 Rfd8 17. Rxd8+ Rxd8 {½-½ (30) Yu,Y (2763)-Ding,L (2811) Khanty-Mansiysk 2019}) 11. Qxd5 {White has an edge.} Bxd5 12. Nd2 Nbd7 13. f3 h6 14. Bxf6 Nxf6 15. Rc1 Rac8 16. e4 Bb7 17. Kf2 Rfd8 18. Ke3 Nd7 19. b4 c5 20. dxc5 bxc5 21. Bb5 cxb4 22. Rxc8 Bxc8 23. axb4 a6 (23... Nb8 $14) 24. Be2 $1 $16 Bb7 25. Rc1 Rb8 26. Rc7 Nf6 27. Nc4 $1 Ne8 {[#]} 28. Rc5 (28. Re7 $1 $18) 28... Kf8 29. Kd4 Ke7 30. Kc3 Nd6 {[#]} (30... Kd8 $16) 31. Na5 $1 $18 Kd7 32. e5 Nf5 33. Nxb7 Rxb7 34. Bxa6 $16 {[%mdl 4096] Endgame KRB-KRN} Rb6 (34... Ra7 $16) 35. Bb5+ $18 Kd8 36. Bc6 Ne7 37. Be4 f5 38. exf6 gxf6 39. f4 f5 40. Bf3 Kd7 41. b5 Kd6 42. Kb4 Rb8 43. Rc2 Nd5+ $2 (43... h5 44. Rd2+ Nd5+ 45. Bxd5 exd5) 44. Bxd5 $1 Kxd5 {KR-KR} 45. g3 h5 46. Rd2+ Ke4 47. Re2+ Kf3 $2 (47... Kd5 48. Rd2+ Ke4) 48. Rxe6 h4 49. gxh4 Kxf4 50. h5 Kg5 51. h6 f4 52. h7 Rh8 53. Re7 Kf6 54. Rc7 Ke5 55. Rf7 (55. b6 $142 Kd6 56. Rg7 f3 57. b7 Rb8 58. Kc3 f2 59. Rf7 Re8 60. Rxf2) 55... Ke4 56. b6 f3 57. b7 Ke3 58. Kc5 f2 59. Kc6 ({Inferior is} 59. Rxf2 Kxf2 60. h3 Kf3 $11) 59... Ke2 60. Kc7 (60. Rxf2+ Kxf2 61. h3 Kg3 $11) 60... Rxh7 61. Rxh7 f1=Q {KQ-KR} 62. Re7+ Kd3 63. Rd7+ Ke3 64. b8=Q ({Not} 64. Re7+ Kd4 $11) 64... Qc4+ 65. Kb7 Qe4+ 66. Kb6 $2 (66. Kc8 Qe8+ 67. Kc7 Qe5+ 68. Rd6 Qg7+ 69. Kb6 Qb2+ 70. Ka7 Qg7+ 71. Ka8 Qg2+ 72. Qb7 Qg8+ 73. Ka7 Qa2+ 74. Ra6) 66... Qb4+ $11 67. Kc7 Qc3+ $2 {[%mdl 8192]} (67... Qc4+ $11 68. Kb7 Qe4+ 69. Kc8 Qe8+ 70. Kc7 Qe5+ 71. Rd6 Qg7+ 72. Kc6 Qc3+ 73. Kb7 Qb2+ 74. Ka8 Qg2+ 75. Qb7 Qc2 76. Qa7+ Kf3 77. Qf7+ Kg2 78. Rg6+ Qxg6) 68. Kd6 $2 (68. Kb7 {mates} Qb2+ 69. Ka8 Qg2+ 70. Qb7 Qg8+ 71. Ka7 Qc4 72. Re7+ Kd2 73. Qg2+ Kd1 74. Rd7+ Ke1 75. Qd2+ Kf1 76. Qd1+ Kf2 77. Rd2+ Ke3 78. Qe1+ Kf3 79. Rf2+ Kg4 80. Qg1+ Kh4 81. Qg3+ Kh5 82. Rf5+ Kh6 83. Qg5+ Kh7 84. Qe7+ Kh8 85. Qf6+ Kh7 86. Rh5+ Kg8 87. Rh8#) 68... Qf6+ 69. Kc5 Qc3+ 70. Kd5 Qd3+ 71. Ke6 Qg6+ 72. Ke7 {Threatening mate with Qb3+.} Qg5+ $2 {[%mdl 8192]} (72... Qg7+ $11 73. Kd6 Qd4+ 74. Kc7 Qc4+ 75. Kb7 Qe4+ 76. Kc8 Qe8+ 77. Kc7 Qe5+ 78. Rd6 Qc3+ 79. Kb7 Qb4+ 80. Ka8 Qe4+ 81. Qb7 Qe8+ 82. Ka7 Qa4+ 83. Qa6 Qb3 84. Re6+ Kd4 85. Qa1+ Kc4 86. Qf1+ Qd3 87. Qxd3+ Kxd3) 73. Kf7 {White mates.} Qf5+ 74. Ke8 Qg6+ 75. Rf7 Qg8+ 76. Rf8 Qe6+ 77. Kd8 Qd5+ 78. Ke7 Qe4+ 79. Kf6 Qh4+ 80. Ke6 Qh3+ 81. Rf5 Qh6+ 82. Kd5 Qc6+ {Accuracy: White = 81%, Black = 42%.} 1-0

[Event "Charlotte Fall-GM 2019"]
[Site "Charlotte"]
[Date "2019.11.28"]
[Round "1.5"]
[White "Yu, Jennifer"]
[Black "Reshef, Omer"]
[Result "0-1"]
[WhiteElo "2278"]
[BlackElo "2461"]
[Annotator "TA"]
[PlyCount "77"]
[EventDate "2019.11.28"]
[EventType "tourn"]
[EventCountry "USA"]
[SourceTitle "playchess.com"]
[Source "ChessBase"]
[SourceQuality "1"]

{[%evp 22,77,64,52,64,31,62,54,74,62,69,54,67,60,56,14,14,18,22,0,0,0,0,0,0,-29,-39,-178,-170,-167,-122,-118,-109,-373,-388,-367,-373,-364,-364,-313,-302,-674,-677,-679,-600,-731,-703,-1033,-599,-597,-596,-554,-495,-584,-581,-547,-528,-488]} 1. d4 Nf6 2. c4 c5 3. d5 b5 4. cxb5 a6 5. bxa6 g6 6. Nc3 Bxa6 7. e4 Bxf1 8. Kxf1 d6 9. g3 Bg7 10. Kg2 O-O 11. Nge2 Nbd7 12. Rb1 Qb6 {A59: Benko/Volga Gambit: White castles by hand} 13. h3 (13. Qc2 Rfb8 14. b3 Qa6 15. a4 Rb4 16. Ba3 Qc8 17. Rhe1 g5 18. Qc1 Ne5 19. Bxb4 cxb4 20. Nb5 Qg4 21. Ned4 {1-0 (41) Narciso Dublan,M (2541)-Perez Mitjans,O (2471) Barcelona 2012}) 13... Rfb8 14. Be3 Qa6 {White is slightly better.} 15. Qd2 Rb4 16. f3 Ne8 $146 ({Predecessor:} 16... Qb7 17. b3 Rb8 18. h4 h5 19. Bh6 Bh8 20. Bg5 {0-1 (40) Grueso Cordoba,S (1490)-Sagit,R (2358) Linkoping 2014}) 17. b3 Nc7 18. g4 Nb5 19. Nxb5 Rxb5 20. a4 Rb4 21. Nc3 $1 {[%cal Rc3b5]} Bxc3 22. Qxc3 Rab8 {White should prevent ...c4.} 23. Rb2 f6 24. Bd2 {[#]} (24. h4 $15) 24... Ne5 $1 $19 {[%cal Bd7e5,Be5c4,Bc4d2][%mdl 32]} 25. Qe3 Nc4 26. Qd3 {[%mdl 64] Pin} Rxa4 {[%mdl 64] Pin} 27. Rbb1 $2 {[%mdl 8192]} (27. Rc2 $17 {only move.} Nxd2 28. Rxd2 Qxd3 29. Rxd3) 27... Nxd2 28. Qxd2 {[#]} Ra2 $1 {[%mdl 512]} 29. Rb2 {[#]} Rxb2 $1 30. Qxb2 {[%mdl 4096] Endgame KQR-KQR} Qd3 31. Ra1 $2 (31. Qb1 Qd2+ 32. Kg3) 31... Rxb3 {Black is clearly winning.} 32. Qf2 g5 33. h4 gxh4 34. Rf1 {[#]} h3+ $1 35. Kxh3 Qxe4 36. Kg2 Qxd5 37. Qe2 Kf8 38. Re1 Qe5 {...Rb2! is the strong threat.} 39. Qxe5 {Accuracy: White = 26%, Black = 85%.} 0-1

[Event "Charlotte Fall-GM 2019"]
[Site "Charlotte"]
[Date "2019.11.28"]
[Round "2.1"]
[White "Korley, Kassa"]
[Black "Wang, Kevin"]
[Result "0-1"]
[WhiteElo "2447"]
[BlackElo "2416"]
[Annotator "TA"]
[PlyCount "38"]
[EventDate "2019.11.28"]
[EventType "tourn"]
[EventCountry "USA"]
[SourceTitle "playchess.com"]
[Source "ChessBase"]
[SourceQuality "1"]

{[%evp 14,72,0,0,-12,-6,0,-61,-58,-61,-70,-72,-81,-139,-140,-158,-170,-246,-232,-282,-295,-337,-328,-333,-325,-332,-330,-328,-307,-414,-273,-276,-272,-264,-283,-276,-210,-444,-443,-452,-429,-413,-412,-410,-402,-428,-386,-381,-335,-489,-489,-644,-492,-880,-829,-991,-944,-1174,-1072,-1645,-1515]} 1. d4 d5 2. c4 e6 3. Nc3 c6 4. e3 Nf6 5. Nf3 Nbd7 6. Qc2 Bd6 7. g4 h6 8. Bd2 dxc4 {D45: Semi-Slav: 5 e3} 9. Bxc4 b5 10. Bb3 (10. Be2 $1 $11) (10. Be2 Bb7 11. Rg1 Rc8 12. h4 b4 13. Na4 c5 14. dxc5 Nxc5 15. Nxc5 Bxc5 16. Qa4+ {½-½ (49) Kempinski,R (2626)-Duda,J (2603) Wroclaw 2014}) 10... Bb7 $15 {Black is slightly better.} 11. g5 hxg5 12. Nxg5 {White wants to play Bxe6!} Qe7 $146 {Strongly threatening ...c5.} ({Predecessor:} 12... Nd5 13. Rg1 Nf8 14. Nce4 Be7 15. Nc5 Bxc5 16. Qxc5 {1-0 (46) Flach,E (2110)-Ahrends,N (1856) Heusenstamm 2018}) 13. e4 (13. O-O-O $142) 13... b4 $17 14. e5 bxc3 15. bxc3 (15. Qxc3 $142 c5 16. exd6 Qxd6 {[%mdl 64] Double Attack} 17. d5 Bxd5 18. Rg1) 15... Bc7 $19 16. O-O-O Nd5 17. c4 Nb4 18. Bxb4 Qxg5+ 19. Bd2 Qf5 {Played: Qg5-h4} 0-1

[Event "Charlotte Fall-GM 2019"]
[Site "Charlotte"]
[Date "2019.11.28"]
[Round "2.2"]
[White "Berczes, David"]
[Black "Yu, Jennifer"]
[Result "0-1"]
[WhiteElo "2452"]
[BlackElo "2278"]
[Annotator "TA"]
[PlyCount "80"]
[EventDate "2019.11.28"]
[EventType "tourn"]
[EventCountry "USA"]
[SourceTitle "playchess.com"]
[Source "ChessBase"]
[SourceQuality "1"]

{[%evp 10,80,-2,-10,0,-3,-3,-10,-20,-75,-43,-79,-82,-109,-113,-114,-95,-100,-91,-105,-97,-135,-135,-135,-129,-133,-133,-134,-135,-135,-135,-164,-158,-185,-164,-164,-146,-200,-187,-200,-159,-205,-204,-200,-193,-183,-127,-127,-127,-127,-127,-230,-229,-219,-217,-352,-343,-333,-318,-789,-743,-1766,-1758,-1553,-1474,-1878,-1837,-1689,-1666,-1661,-1625,-29990,-29991]} 1. d4 d5 2. c4 e6 3. Nf3 Nf6 4. Nc3 a6 5. Bg5 dxc4 6. a4 Nc6 {D24: Queen's Gambit Accepted: 3 Nf3 Nf6 4 Nc3} 7. e3 Na5 8. Ne5 Bb4 {The position is equal.} (8... c5 9. Nxc4 cxd4 10. Qxd4 Qxd4 11. exd4 Nxc4 12. Bxc4 Be7 13. Bf4 Bd7 14. d5 {½-½ (29) Topalov,V (2740)-Ding,L (2805) Abidjan 2019}) 9. Qf3 $146 (9. Bxf6 $11 {remains equal.} Qxf6 10. Nxc4) ({Predecessor:} 9. Nxc4 Qd5 10. Bxf6 gxf6 11. Nd2 Qf5 12. g3 h5 13. h4 c5 14. dxc5 {0-1 (34) Tilicheev,V (2507)-Bosiocic,M (2599) Skopje 2018}) 9... h6 (9... Qd5 $5 10. Bxf6 Qxf3 11. gxf3 gxf6 12. Nxc4 Nb3 $15) 10. Bh4 Qd5 $1 11. Be2 Qxf3 $1 12. Bxf3 g5 $36 {[%mdl 2048] Black has strong initiative.} 13. Bg3 h5 {...h4 is the strong threat.} 14. h3 Nd5 $1 {[%cal Rd5c3]} 15. O-O Bxc3 ({Reject} 15... Nxc3 $6 16. bxc3 Bd6 17. Be2 $11) 16. bxc3 f6 $1 17. Bxd5 exd5 18. Nf3 Nb3 19. Ra2 Rh7 20. Nd2 Bf5 21. f3 Bd3 22. Re1 Kd7 23. e4 (23. Rb2 $17) 23... Re8 24. e5 f5 25. h4 f4 26. Bh2 Rf7 ({Don't take} 26... gxh4 27. Bxf4 h3 28. gxh3 $17) 27. hxg5 Ke6 ({Black should try} 27... Rf5 $19 28. Rb2 Na5) 28. Rb2 $17 Nxd2 29. Rxd2 b6 {[%cal Bb7b6,Bb6b5][%mdl 32]} 30. a5 {[#]} (30. Kh1 $17) 30... b5 $1 $19 31. Kf2 {[#]} h4 $1 32. Rdd1 (32. Rh1 $142) 32... Rg8 33. Rh1 Rxg5 34. Bg1 $2 (34. Rde1) 34... Rfg7 35. Ke1 Rxg2 {( -> ...Re2+)} 36. Bf2 {[#]} R7g3 $1 37. Bxg3 fxg3 38. Rxh4 Re2+ 39. Kf1 Rh2+ {[%mdl 64] Discovered Attack} 40. Rxd3 cxd3 {Accuracy: White = 35%, Black = 89%.} 0-1

[Event "Charlotte Fall-GM 2019"]
[Site "Charlotte"]
[Date "2019.11.28"]
[Round "2.3"]
[White "Paragua, Mark"]
[Black "Grinberg, Eyal"]
[Result "1-0"]
[WhiteElo "2496"]
[BlackElo "2472"]
[Annotator "ChessBase"]
[PlyCount "119"]
[EventDate "2019.11.28"]
[EventType "tourn"]
[EventCountry "USA"]
[SourceTitle "playchess.com"]
[Source "ChessBase"]
[SourceQuality "1"]
[TimeControl "5400+30"]

1. c4 {[%emt 1:30:30]} c6 {[%emt 1:30:30]} 2. Nf3 {[%emt 0:00:30]} d5 {[%emt 0:00:30]} 3. g3 {[%emt 0:00:30]} Nf6 {[%emt 0:00:30]} 4. Bg2 {[%emt 0:00:30]} Bg4 {[%emt 0:00:30]} 5. Ne5 {[%emt 0:00:30]} Be6 {[%emt 0:00:30]} 6. cxd5 {[%emt 0:00:30]} Bxd5 {[%emt 0:00:30]} 7. Nf3 {[%emt 0:00:30]} c5 {[%emt 0:00:30]} 8. Nc3 {[%emt 0:00:30]} Bc6 {[%emt 0:00:30]} 9. O-O {[%emt 0:00:30]} e6 {[%emt 0:00:30]} 10. Re1 {[%emt 0:00:30]} Nbd7 {[%emt 0:00:30]} 11. e4 {[%emt 0:00:30]} e5 {[%emt 0:00:30]} 12. d3 {[%emt 0:00:30]} Bd6 {[%emt 0:00:30]} 13. Nh4 {[%emt 0:00:30]} Nf8 {[%emt 0:00:30]} 14. Nf5 {[%emt 0:00:30]} Ne6 {[%emt 0:00:30]} 15. Nd5 {[%emt 0:00:30]} Bf8 {[%emt 0:00:30]} 16. f4 {[%emt 0:00:30]} exf4 {[%emt 0:00:30]} 17. Bxf4 {[%emt 0:00:30]} Qd7 {[%emt 0:00:30]} 18. Bd6 {[%emt 0:00:30]} Ng8 {[%emt 0:00:30]} 19. e5 {[%emt 0:00:30]} Bxd5 {[%emt 0:00:30]} 20. Bxd5 {[%emt 0:00:30]} Nh6 {[%emt 0:00:30]} 21. Bxe6 {[%emt 0:00:30]} fxe6 {[%emt 0:00:30]} 22. Nxh6 {[%emt 0:00:30]} gxh6 {[%emt 0:00:30]} 23. Qg4 {[%emt 0:00:30]} O-O-O {[%emt 0:00:30]} 24. Rac1 {[%emt 0:00:30]} Bxd6 {[%emt 0:00:30]} 25. exd6 {[%emt 0:00:30]} Qxd6 {[%emt 0:00:30]} 26. Re4 {[%emt 0:00:30]} Qd7 27. Rxe6 Kb8 28. Rxc5 Ka8 {[%emt 0:01:30]} 29. Qe4 {[%emt 0:01:30]} Rhe8 {[%emt 0:00:30]} 30. Rd5 {[%emt 0:00:30]} Qc8 {[%emt 0:00:30]} 31. Rxd8 {[%emt 0:00:30]} Rxd8 {[%emt 0:00:30]} 32. Qc4 {[%emt 0:00:30]} Qd7 {[%emt 0:00:30]} 33. Rxh6 {[%emt 0:00:30]} a6 {[%emt 0:00:30]} 34. Qe4 {[%emt 0:00:30]} Qb5 {[%emt 0:00:30]} 35. a4 Qc5+ {[%emt 0:00:30]} 36. Kg2 {[%emt 0:01:00]} Ka7 {[%emt 0:00:30]} 37. Rxh7 {[%emt 0:00:30]} Qc2+ {[%emt 0:00:30]} 38. Kh3 {[%emt 0:00:30]} Qxb2 {[%emt 0:00:30]} 39. g4 {[%emt 0:00:30]} Qb3 {[%emt 0:00:30]} 40. Kh4 {[%emt 0:00:30]} Ka8 {[%emt 0:00:30]} 41. g5 {[%emt 0:00:30]} Qb2 {[%emt 0:00:30]} 42. Kg3 {[%emt 0:00:30]} Qb1 {[%emt 0:00:30]} 43. Kh4 {[%emt 0:00:30]} Qb2 {[%emt 0:00:30]} 44. Kh3 {[%emt 0:00:30]} Qb1 {[%emt 0:00:30]} 45. Rd7 {[%emt 0:00:30]} Qf1+ {[%emt 0:00:30]} 46. Kg4 {[%emt 0:00:30]} Qg1+ {[%emt 0:00:30]} 47. Kf5 {[%emt 0:00:30]} Qc5+ {[%emt 0:00:30]} 48. Kf6 {[%emt 0:00:30]} Qf8+ {[%emt 0:00:30]} 49. Rf7 {[%emt 0:00:30]} Qh8+ {[%emt 0:00:30]} 50. Kf5 {[%emt 0:00:30]} Qh3+ {[%emt 0:00:30]} 51. Kg6 {[%emt 0:00:30]} Qc8 {[%emt 0:00:30]} 52. h4 {[%emt 0:00:30]} Rg8+ {[%emt 0:00:30]} 53. Kh5 {[%emt 0:00:30]} Rh8+ {[%emt 0:00:30]} 54. Rh7 {[%emt 0:00:30]} Re8 {[%emt 0:00:30]} 55. Qc4 {[%emt 0:00:30]} Qh3 {[%emt 0:00:30]} 56. Qd5 {[%emt 0:00:30]} Qc8 {[%emt 0:00:30]} 57. g6 {[%emt 0:00:30]} Rd8 {[%emt 0:00:30]} 58. Qxb7+ {[%emt 0:00:30]} Qxb7 {[%emt 0:00:30]} 59. Rxb7 {[%emt 0:00:30]} Kxb7 {[%emt 0:00:30]} 60. g7 {[%emt 0:00:30]} 1-0

[Event "Charlotte Fall-GM 2019"]
[Site "Charlotte"]
[Date "2019.11.28"]
[Round "2.5"]
[White "Nakar, Eylon"]
[Black "Reshef, Omer"]
[Result "0-1"]
[WhiteElo "2433"]
[BlackElo "2461"]
[Annotator "TA"]
[PlyCount "78"]
[EventDate "2019.11.28"]
[EventType "tourn"]
[EventCountry "USA"]
[SourceTitle "playchess.com"]
[Source "ChessBase"]
[SourceQuality "1"]

{[%evp 9,78,31,64,22,27,28,39,0,0,-22,-6,-6,0,-25,-25,-25,-17,-14,-19,-27,-31,-33,-19,-20,0,0,0,-23,-22,-48,-45,-49,-33,-91,-84,-146,-161,-166,-169,-191,-181,-176,-173,-167,-160,-185,-192,-192,-192,-183,-190,-254,-245,-247,-256,-347,-351,-348,-306,-324,-324,-322,-293,-385,-347,-383,-392,-537,-531,-513,-488]} 1. e4 c6 2. Nc3 d5 3. Nf3 Nf6 4. e5 Ne4 5. Ne2 Bg4 (5... Qb6 6. d4 e6 7. Ng3 c5 8. Bd3 Nxg3 9. fxg3 cxd4 10. O-O h6 11. a3 Nc6 12. b4 a6 13. g4 Be7 14. Qe1 Bd7 15. Rb1 Na7 16. Bb2 Nb5 17. Qf2 O-O 18. a4 Nc7 19. Bxd4 {1-0 (19) Vachier Lagrave,M (2774)-Wei,Y (2721) chess.com INT 2019}) 6. d3 {B11: Caro-Kann: Two Knights Variation} (6. Nfg1 {keeps more tension.} Bd7 7. d3 Nc5 8. d4 Ne6 9. Nf3) 6... Nc5 7. d4 Ncd7 $146 ({Predecessor:} 7... Ne6 8. c3 f6 9. h3 Bxf3 10. gxf3 fxe5 11. dxe5 Nd7 12. f4 g6 13. h4 {1-0 (35) Ragozin,V-Levenfish,G Leningrad 1930}) 8. c3 {White is slightly better.} e6 9. h3 Bxf3 10. gxf3 c5 11. Bg2 cxd4 12. cxd4 Bb4+ 13. Kf1 Be7 14. Be3 Nc6 15. f4 f5 16. Bf3 O-O 17. Kg2 Rc8 18. Rc1 (18. h4 $5) 18... Nb6 19. b3 Ba3 20. Rc2 Qd7 21. Qd2 (21. h4 $15) 21... Na8 $17 22. Ra1 (22. Qe1 $142) 22... Nc7 23. Nc1 Nb4 24. Rc5 b6 25. Rc3 Nb5 26. Rxc8 Rxc8 27. Bd1 Nc3 28. Ne2 Ne4 29. Qe1 Qb5 $36 {[%mdl 2048] White is under strong pressure.} 30. Qf1 (30. Ng3 $142) 30... Qd3 $19 {Strongly threatening ...Nd2.} 31. Ng3 Qxf1+ 32. Nxf1 Nc3 {[#] Threatens to win with ...Bb2.} 33. Bd2 Bb2 34. Bxc3 Bxc3 ({Resist} 34... Rxc3 35. Rb1 $19) 35. Rb1 Bxd4 36. Ne3 Nxa2 37. Bf3 Nb4 38. Rd1 Bxe3 39. fxe3 Rc3 {Accuracy: White = 41%, Black = 84%.} 0-1